000 00665nam a22002417a 4500
001 125540
003 UA-OsUOA
005 20201016185742.0
007 ta
008 20170919b un ||||| |||| 00| 0 ukr d
040 _aUA-OsUOA
_bukr
_cUA-OsUOA
_dUA-OsUOA
041 _aukr
080 _a821.161.2
090 _a821.161.2
_bС30
100 _aСеменко М.
245 _aПоезії
260 _aК.
_bРадянський письменник
_c1985
300 _a261 с.
650 7 _a82 Література. Літературознавство
_2UDC
942 _cBK
_2udc
955 _a3
999 _c412785
_d412785